000 01428nam2a22002531 4500
001 RU\NLR\INFOCOMM33\1000074352
005 20250617064949.0
035 _a(NLR Aleph) 002531975
090 _a2857288
_c2857288
100 _a20040423d1989 |||y0rusy50 ca
101 0 _arus
102 _aRU
105 _ay |||||||||
200 1 _aПрименение землеройно-транспортных машин в водохозяйственном строительстве
_fГ.Х. Бедретдинов
210 _d1989
_aБ. м.
461 0 _1001RU\NLR\INFOCOMM33\1000074328
_12001#$aМелиорация и водное хозяйство$eОбзор. информ.$hСерия 5$iВодохозяйственное строительство$fМ-во мелиорации и вод. хоз-ва СССР, ЦБНТИ (ЦБНТИ Минводхоза СССР)$v1989, Вып.11
_92857081
_cМ.
_d1984-
_fМ-во мелиорации и вод. хоз-ва СССР, ЦБНТИ (ЦБНТИ Минводхоза СССР)
_hСерия 5
_iВодохозяйственное строительство
_oОбзор. информ.
_tМелиорация и водное хозяйство
_x0233-6200
_v1989, Вып.11
700 1 _aБедретдинов
_bГ.Х.
_4070
801 1 _aRU
_bInfoComm
_c20040423
801 0 _aRU
_bNLR
_gPSBO
852 _aNLR
_jП10/6253
942 _cISSUE
980 _aNB
980 _aRUSPER